Data Abstraction: The Object-Oriented Approach Usin c++ / Joseph Bergin (Registro nro. 11977)
[ vista simple ]
| 000 -LÍDER | |
|---|---|
| fixed length control field | 00537nam a2200145 4500 |
| 008 - ELEMENTOS DE LONGITUD FIJA -- INFORMACIÓN GENERAL | |
| fixed length control field | 0 1994 0aq 000 0USA |
| 050 ## - SIGNATURA TOPOGRAFICA DE LA BIBLIOTECA DEL CONGRESO (LC) | |
| Número de Clasificación | QA76.64 B498 |
| 082 ## - NUMERO DE CLASIFICACION DECIMAL DEWEY | |
| Número de Clasificación | 001.642 B166d |
| 100 ## - ASIENTO PRINCIPAL--NOMBRE PERSONAL | |
| Nombre personal | Bergin, Joseph |
| 245 ## - TÍTULO | |
| Título | Data Abstraction: The Object-Oriented Approach Usin c++ / Joseph Bergin |
| 260 ## - PUBLICACIÓN, DISTRIBUCIÓN, ETC. (PIE DE IMPRENTA) | |
| Lugar de publicación, distribución, etc. | United States of America: McGraw-Hill |
| 300 ## - DESCRIPCIÓN FÍSICA | |
| Extensión | xxi, 666 p. / 24 cm. |
| 500 ## - NOTA GENERAL | |
| Nota general | Incluye contents, glossary e index. |
| 650 ## - ASIENTO SECUNDARIO DE MATERIA - TERMINO TEMÁTICO | |
| Término temático o nombre geográfico como elemento de entrada | 1. OBJECT-ORIENTED PROGRAMMING (COMPUTER SCIENCE) \ 2. C++(COMPUTER PROGRAM LANGUAGE) |
| No. biblioteca | No. biblioteca | Número de clasificación | Código de barras/Número de adquisición | Número de copia | Tipo de material |
|---|---|---|---|---|---|
| LUIS G. INCLAN | LUIS G. INCLAN | 001.642 B166d | 24945 | 1 | Libros |
